| 000 | 00616nam a2200217 a 4500 | ||
|---|---|---|---|
| 999 |
_c7957 _d7957 |
||
| 001 | 7957 | ||
| 003 | BD-JhCC | ||
| 005 | 20180217184133.0 | ||
| 008 | 180215s1979 bg |||| |||| 000 0 eng d | ||
| 035 | _a(BD-JhCC) | ||
| 040 |
_aBD-JhCC _dBD-JhCC |
||
| 041 | _aeng | ||
| 082 |
_a954.92009724 _bAFS 1979 |
||
| 100 | _aAfsaruddin, Mohammad | ||
| 245 |
_aRural Life in Bangladesh : _ba study of five selected villages / _cMohammad Afsaruddin |
||
| 260 |
_aDhaka: _bNawroze Kitabistan, _c1979 |
||
| 300 |
_a114 p;, _c22 cm |
||
| 650 | _aManners and customs | ||
| 650 |
_aRural Conditions _zBangladesh |
||
| 942 |
_2ddc _cBK |
||